| 000 | 01213cam a22003134a 4500 | ||
|---|---|---|---|
| 999 |
_c48110 _d48110 |
||
| 001 | 14908080 | ||
| 003 | Nust | ||
| 005 | 20170109153443.0 | ||
| 008 | 070628s2007 nyua 000 0aeng | ||
| 010 | _a 2007027139 | ||
| 020 | _a9780007259076 (hardcover) | ||
| 035 | _a(OCoLC)ocn155122608 | ||
| 035 | _a(OCoLC)155122608 | ||
| 040 |
_aDLC _cDLC _dBAKER _dYDXCP _dC#P _dBUR _dVP@ _dDLC |
||
| 041 | 1 |
_aeng _hpor |
|
| 042 | _apcc | ||
| 050 | 0 | 0 |
_aPQ9698.13.O3546 _bA2 2007 |
| 082 | 0 | 0 |
_a869.342 _bCOE |
| 100 | 1 | _aCoelho, Paulo. | |
| 245 | 1 | 0 |
_aLife : _bselected quotations / _cPaulo Coelho ; [illustrations, Anne Kristin Hagesæther]. |
| 250 | _a1st U.S. ed. | ||
| 260 |
_aNew York : _bHarperCollins Publishers, _c2007. |
||
| 300 |
_a128 p. : _bcol. ill. ; _c19 cm. |
||
| 505 | 0 | _aThe dream -- The path -- Love -- Chance -- The journey -- Destiny -- The good fight -- The mystery. | |
| 600 | 1 | 0 |
_aCoelho, Paulo _xQuotations. |
| 700 | 1 |
_aHagesæther, Anne Kristin, _eill. |
|
| 906 |
_a7 _bcbc _corignew _d1 _eecip _f20 _gy-gencatlg |
||
| 942 |
_2ddc _cBK |
||